[Event "GER CM05-C email"]
[Site "GER email"]
[Date "2018.06.19"]
[Round "?"]
[White "Juras, Zvonko"]
[Black "Peterc, Ciril"]
[Result "1-0"]
[WhiteElo "2361"]
[BlackElo "2375"]
[PlyCount "39"]
[EventDate "2018.??.??"]
[EventType "tourn (corr)"]
[EventRounds "10"]
[EventCountry "GER"]
[SourceTitle "Corr 2020"]
[Source "ChessBase"]
[SourceDate "2019.09.30"]
[SourceVersion "1"]
[SourceVersionDate "2019.09.30"]
[SourceQuality "1"]

1. e4 c5 2. Nf3 d6 3. d4 cxd4 4. Nxd4 Nf6 5. Nc3 a6 6. h3 e5 7. Nde2 h5 8. g3 Be6 9. Bg2 b5 10. 0-0 Nbd7 11. Be3 Rc8 12. a4 b4 13. Nd5 Nc5 14. c3 Ncxe4 15. Nb6 d5 16. Nxc8 Qxc8 17. Rc1 b3 18. Qxb3 Bc5 19. Bxc5 Nxc5 20. Qa3 1-0

[Event "GER CM05-C email"]
[Site "GER email"]
[Date "2018.06.19"]
[Round "?"]
[White "Kudr, Roman"]
[Black "Peterc, Ciril"]
[Result "1/2-1/2"]
[WhiteElo "2352"]
[BlackElo "2375"]
[PlyCount "61"]
[EventDate "2018.??.??"]
[EventType "tourn (corr)"]
[EventRounds "10"]
[EventCountry "GER"]
[SourceTitle "Corr 2020"]
[Source "ChessBase"]
[SourceDate "2019.09.30"]
[SourceVersion "1"]
[SourceVersionDate "2019.09.30"]
[SourceQuality "1"]

1. d4 Nf6 2. c4 e6 3. Nc3 Bb4 4. f3 d5 5. a3 Bxc3+ 6. bxc3 c5 7. cxd5 Nxd5 8. dxc5 Qa5 9. e4 Nf6 10. Be3 0-0 11. Qb3 Qc7 12. a4 Nfd7 13. Qa3 b6 14. a5 bxc5 15. a6 h6 16. Qa5 Qxa5 17. Rxa5 Nc6 18. Ra1 Rd8 19. Nh3 Nde5 20. Nf2 c4 21. Be2 Nd3+ 22. Bxd3 cxd3 23. 0-0 Rb8 24. Rfd1 Rb3 25. Nxd3 Rxc3 26. Rac1 Rcxd3 27. Rxd3 Rxd3 28. Rxc6 Bxa6 29. Rxa6 Rxe3 30. Rxa7 g5 31. Kf2 1/2-1/2

[Event "GER CM05-C email"]
[Site "GER email"]
[Date "2018.06.19"]
[Round "?"]
[White "Peterc, Ciril"]
[Black "Elias, Holger"]
[Result "1-0"]
[WhiteElo "2375"]
[BlackElo "2331"]
[PlyCount "48"]
[EventDate "2018.??.??"]
[EventType "tourn (corr)"]
[EventRounds "10"]
[EventCountry "GER"]
[SourceTitle "Corr 2020"]
[Source "ChessBase"]
[SourceDate "2019.09.30"]
[SourceVersion "1"]
[SourceVersionDate "2019.09.30"]
[SourceQuality "1"]

1. d4 Nf6 2. Nf3 d5 3. c4 e6 4. e3 b6 5. b3 Bb7 6. Bb2 Bd6 7. Nc3 0-0 8. Bd3 Nbd7 9. 0-0 a6 10. a4 c5 11. cxd5 exd5 12. Rc1 Qe7 13. Bf5 Rac8 14. Qe2 Rfd8 15. g3 Rc7 16. Bh3 Qe8 17. Rfd1 Rdc8 18. Bf5 h6 19. Rc2 c4 20. bxc4 Rxc4 21. Nd2 R4c6 22. Rdc1 Bb4 23. Bd3 Nb8 24. Ndb1 Qe6 1-0

[Event "GER CM05-C email"]
[Site "GER email"]
[Date "2018.06.19"]
[Round "?"]
[White "Peterc, Ciril"]
[Black "Ivanov, Viktor Nikolaevich"]
[Result "1/2-1/2"]
[WhiteElo "2375"]
[BlackElo "2364"]
[PlyCount "72"]
[EventDate "2018.??.??"]
[EventType "tourn (corr)"]
[EventRounds "10"]
[EventCountry "GER"]
[SourceTitle "Corr 2020"]
[Source "ChessBase"]
[SourceDate "2019.09.30"]
[SourceVersion "1"]
[SourceVersionDate "2019.09.30"]
[SourceQuality "1"]

1. d4 Nf6 2. Nf3 g6 3. c4 Bg7 4. g3 c6 5. Bg2 d5 6. cxd5 cxd5 7. 0-0 0-0 8. Nc3 Ne4 9. Ne5 Bf5 10. Bf4 Nxc3 11. bxc3 Nc6 12. Qb3 e6 13. Nxc6 bxc6 14. Qa3 a5 15. Rac1 Qb6 16. Bd6 Rfe8 17. h3 h5 18. Rfd1 Bf8 19. Bxf8 Rxf8 20. f3 e5 21. g4 hxg4 22. hxg4 Be6 23. Qd6 exd4 24. cxd4 Qb2 25. Qf4 Bd7 26. Kf2 Rfe8 27. Qd2 Qxd2 28. Rxd2 Reb8 29. g5 a4 30. Bf1 a3 31. e4 Ra4 32. Ke3 Rb2 33. Rcc2 Rab4 34. Bd3 dxe4 35. Bxe4 Be6 36. Rxc6 Rxd2 1/2-1/2

[Event "GER CM05-C email"]
[Site "GER email"]
[Date "2018.06.19"]
[Round "?"]
[White "Peterc, Ciril"]
[Black "Pekin, Tolgay"]
[Result "1/2-1/2"]
[WhiteElo "2375"]
[BlackElo "2370"]
[PlyCount "90"]
[EventDate "2018.??.??"]
[EventType "tourn (corr)"]
[EventRounds "10"]
[EventCountry "GER"]
[SourceTitle "Corr 2022"]
[Source "ChessBase"]
[SourceDate "2021.10.24"]
[SourceVersion "1"]
[SourceVersionDate "2021.10.24"]
[SourceQuality "1"]

1. d4 d5 2. Nf3 Nf6 3. c4 c6 4. e3 Bf5 5. Nc3 e6 6. Nh4 Be4 7. f3 Bg6 8. Qb3 Qc7 9. g3 Be7 10. Bd2 Bh5 11. 0-0-0 Nfd7 12. Rg1 Bxh4 13. gxh4 Bxf3 14. Re1 g6 15. e4 Bxe4 16. Nxe4 dxe4 17. Rxe4 Nf6 18. Re1 Na6 19. Kb1 Nh5 20. Be2 0-0-0 21. Bxh5 gxh5 22. Qf3 Rhf8 23. Bc3 Qd7 24. Rg7 c5 25. dxc5 Nxc5 26. Rxh7 Qa4 27. Rc1 Rd7 28. Rg7 f5 29. Rxd7 Qxd7 30. Qxh5 Ne4 31. Be5 Qd3+ 32. Ka1 Qe3 33. Rf1 Qd3 34. Rd1 Nd2 35. Bc3 Qf3 36. Qxf3 Nxf3 37. h5 Rf7 38. h6 Rh7 39. Bg7 Nxh2 40. Rd6 f4 41. Rxe6 Ng4 42. Rg6 Nxh6 43. Bxh6 f3 44. Rf6 f2 45. Rxf2 Rxh6 1/2-1/2

[Event "GER CM04-C email"]
[Site "GER email"]
[Date "2017.06.26"]
[Round "?"]
[White "Dimitrov, Deyan"]
[Black "Peterc, Ciril"]
[Result "1/2-1/2"]
[WhiteElo "2370"]
[BlackElo "2360"]
[PlyCount "59"]
[EventDate "2017.??.??"]
[EventType "tourn (corr)"]
[EventRounds "10"]
[EventCountry "GER"]
[SourceTitle "Corr 2020"]
[Source "ChessBase"]
[SourceDate "2019.09.30"]
[SourceVersion "1"]
[SourceVersionDate "2019.09.30"]
[SourceQuality "1"]

1. d4 Nf6 2. Bf4 d5 3. e3 c5 4. Nc3 cxd4 5. exd4 a6 6. Nf3 Nc6 7. Ne5 Bd7 8. g3 e6 9. Nxd7 Qxd7 10. Ne2 Bd6 11. Bg2 b5 12. 0-0 h6 13. a3 a5 14. c3 0-0 15. Bxd6 Qxd6 16. Qd3 Rac8 17. b4 Qb8 18. Nf4 a4 19. Qd2 Ne7 20. Nd3 Nf5 21. Nc5 Nd6 22. Rfe1 Nc4 23. Qd1 g6 24. Bf1 Kg7 25. Bxc4 dxc4 26. Re5 Rcd8 27. Qf3 Qa8 28. Qf4 Nd5 29. Qf3 Qc6 30. Qe4 1/2-1/2

[Event "GER CM04-C email"]
[Site "GER email"]
[Date "2017.06.26"]
[Round "?"]
[White "Peterc, Ciril"]
[Black "Lipecki, Alexander"]
[Result "1/2-1/2"]
[WhiteElo "2360"]
[BlackElo "2341"]
[PlyCount "40"]
[EventDate "2017.??.??"]
[EventType "tourn (corr)"]
[EventRounds "10"]
[EventCountry "GER"]
[SourceTitle "Corr 2020"]
[Source "ChessBase"]
[SourceDate "2019.09.30"]
[SourceVersion "1"]
[SourceVersionDate "2019.09.30"]
[SourceQuality "1"]

1. d4 d5 2. c4 c6 3. Nf3 Nf6 4. e3 Bf5 5. Nc3 a6 6. Be2 h6 7. 0-0 e6 8. Bd3 Bxd3 9. Qxd3 Bb4 10. a3 Bxc3 11. Qxc3 0-0 12. a4 dxc4 13. Qxc4 Qd5 14. Ne5 Rc8 15. Rd1 Nbd7 16. Qxd5 cxd5 17. Nd3 Ne4 18. Kf1 Rc2 19. f3 Nd6 20. Nb4 Rc7 1/2-1/2

[Event "GER CM04-C email"]
[Site "GER email"]
[Date "2017.06.26"]
[Round "?"]
[White "Peterc, Ciril"]
[Black "Timko, Viktor"]
[Result "1-0"]
[WhiteElo "2360"]
[BlackElo "2354"]
[PlyCount "55"]
[EventDate "2017.??.??"]
[EventType "tourn (corr)"]
[EventRounds "10"]
[EventCountry "GER"]
[SourceTitle "Corr 2020"]
[Source "ChessBase"]
[SourceDate "2019.09.30"]
[SourceVersion "1"]
[SourceVersionDate "2019.09.30"]
[SourceQuality "1"]

1. d4 d5 2. c4 e6 3. Nc3 Nf6 4. cxd5 exd5 5. Bg5 c6 6. e3 Bd6 7. Bd3 h6 8. Bh4 0-0 9. Nf3 Be6 10. Ne5 Qb6 11. Bxf6 Qxb2 12. Ne2 gxf6 13. Nf3 Na6 14. a3 Bxa3 15. 0-0 Bd6 16. Nh4 Nb4 17. Bf5 Rfe8 18. Rb1 Qa3 19. Nf4 Kf8 20. Bxe6 Bxf4 21. Rb3 Qa4 22. Bh3 Bg5 23. Nf5 Na2 24. f4 Nc3 25. Qh5 Ne2+ 26. Kh1 Nxf4 27. exf4 Qc4 28. Rbf3 1-0

[Event "GER CM04-C email"]
[Site "GER email"]
[Date "2017.06.26"]
[Round "?"]
[White "Zajsek, Franc"]
[Black "Peterc, Ciril"]
[Result "1/2-1/2"]
[WhiteElo "2342"]
[BlackElo "2360"]
[PlyCount "55"]
[EventDate "2017.??.??"]
[EventType "tourn (corr)"]
[EventRounds "10"]
[EventCountry "GER"]
[SourceTitle "Corr 2017"]
[Source "ChessBase"]
[SourceDate "2017.09.19"]
[SourceVersion "1"]
[SourceVersionDate "2017.09.19"]
[SourceQuality "1"]

1. d4 Nf6 2. c4 e6 3. Nf3 d5 4. Nc3 c6 5. Bg5 h6 6. Bh4 dxc4 7. e4 g5 8. Bg3 b5 9. Ne5 Nbd7 10. Be2 Bb7 11. 0-0 Bg7 12. Nxd7 Nxd7 13. Bd6 a6 14. a4 Bf8 15. Bxf8 Kxf8 16. e5 c5 17. axb5 axb5 18. Rxa8 Qxa8 19. dxc5 Bd5 20. Nxd5 Qxd5 21. Qxd5 exd5 22. Rd1 Ke7 23. Rxd5 Ke6 24. Rd6+ Ke7 25. g3 Rd8 26. Rd5 Nf8 27. Rd6 Nd7 28. Rd5 1/2-1/2

[Event "GER CM01-D email"]
[Site "GER email"]
[Date "2014.09.25"]
[Round "?"]
[White "Peterc, Ciril"]
[Black "Krebs, Juergen"]
[Result "1/2-1/2"]
[WhiteElo "2336"]
[BlackElo "2271"]
[PlyCount "74"]
[EventDate "2014.??.??"]
[EventType "tourn (corr)"]
[EventRounds "12"]
[EventCountry "GER"]
[SourceTitle "Corr 2017"]
[Source "ChessBase"]
[SourceDate "2017.09.19"]
[SourceVersion "1"]
[SourceVersionDate "2017.09.19"]
[SourceQuality "1"]

1. d4 d5 2. c4 e6 3. Nc3 c6 4. Nf3 dxc4 5. e3 b5 6. a4 Bb4 7. Bd2 a5 8. axb5 Bxc3 9. Bxc3 cxb5 10. b3 Bb7 11. bxc4 b4 12. Bb2 Nf6 13. Bd3 Nbd7 14. 0-0 0-0 15. Nd2 Qc7 16. Bc2 Rfd8 17. f3 h6 18. Rf2 Ra7 19. Bb3 e5 20. Re2 Rda8 21. Re1 Bc6 22. d5 Bb7 23. f4 exf4 24. Bd4 Ra6 25. exf4 Qxf4 26. Nf3 Qc7 27. Nh4 a4 28. Bxa4 Qxc4 29. Nf5 Rxa4 30. Rxa4 Rxa4 31. Qxa4 Bxd5 32. Qa1 Be6 33. Nxg7 Kxg7 34. Rf1 b3 35. Bxf6+ Nxf6 36. Qxf6+ Kh7 37. h3 Qc2 1/2-1/2

[Event "GER CM01-D email"]
[Site "GER email"]
[Date "2014.09.25"]
[Round "?"]
[White "Peterc, Ciril"]
[Black "Mulligan, Barrie"]
[Result "1/2-1/2"]
[WhiteElo "2336"]
[BlackElo "2225"]
[PlyCount "46"]
[EventDate "2014.??.??"]
[EventType "tourn (corr)"]
[EventRounds "12"]
[EventCountry "GER"]
[SourceTitle "Corr 2017"]
[Source "ChessBase"]
[SourceDate "2017.09.19"]
[SourceVersion "1"]
[SourceVersionDate "2017.09.19"]
[SourceQuality "1"]

1. d4 Nf6 2. c4 e6 3. Nc3 Bb4 4. e3 0-0 5. Bd3 d5 6. Nf3 c5 7. 0-0 Nc6 8. cxd5 exd5 9. dxc5 Bxc5 10. b3 Qe7 11. Bb2 Be6 12. h3 Rac8 13. Rc1 h6 14. Bb1 Rfd8 15. Ne2 Ba3 16. Bxa3 Qxa3 17. Nf4 a6 18. Re1 Re8 19. Ne2 Red8 20. Nf4 Re8 21. Nxe6 fxe6 22. Nd4 Nxd4 23. exd4 Qxc1 1/2-1/2

[Event "GER CM01-D email"]
[Site "GER email"]
[Date "2014.09.25"]
[Round "?"]
[White "Peterc, Ciril"]
[Black "Wegelin, Reinhard"]
[Result "1/2-1/2"]
[WhiteElo "2336"]
[BlackElo "2329"]
[PlyCount "29"]
[EventDate "2014.??.??"]
[EventType "tourn (corr)"]
[EventRounds "12"]
[EventCountry "GER"]
[SourceTitle "Corr 2017"]
[Source "ChessBase"]
[SourceDate "2017.09.19"]
[SourceVersion "1"]
[SourceVersionDate "2017.09.19"]
[SourceQuality "1"]

1. d4 Nf6 2. c4 g6 3. g3 Bg7 4. Bg2 d5 5. cxd5 Nxd5 6. Nf3 0-0 7. 0-0 Nb6 8. Nc3 Nc6 9. e3 Re8 10. d5 Na5 11. Nd4 Bd7 12. Nb3 Nxb3 13. axb3 c6 14. dxc6 Bxc6 15. Bxc6 1/2-1/2

[Event "GER CM01-D email"]
[Site "GER email"]
[Date "2014.09.25"]
[Round "?"]
[White "Scheiba, Manfred"]
[Black "Peterc, Ciril"]
[Result "1/2-1/2"]
[WhiteElo "2298"]
[BlackElo "2336"]
[PlyCount "42"]
[EventDate "2014.??.??"]
[EventType "tourn (corr)"]
[EventRounds "12"]
[EventCountry "GER"]
[SourceTitle "Corr 2017"]
[Source "ChessBase"]
[SourceDate "2017.09.19"]
[SourceVersion "1"]
[SourceVersionDate "2017.09.19"]
[SourceQuality "1"]

1. d4 Nf6 2. Bf4 g6 3. e3 Bg7 4. Nd2 d6 5. h3 c5 6. Ngf3 Nc6 7. c3 cxd4 8. exd4 e5 9. dxe5 dxe5 10. Be3 0-0 11. Bc4 e4 12. Nd4 Nd5 13. 0-0 Nxe3 14. fxe3 Na5 15. Qe2 Nxc4 16. Qxc4 Qg5 17. Nxe4 Qxe3+ 18. Nf2 Re8 19. Qd5 Bxd4 20. Qxd4 Qxd4 21. cxd4 Re2 1/2-1/2

[Event "GER CM01-D email"]
[Site "GER email"]
[Date "2014.09.25"]
[Round "?"]
[White "Tymcio, Leszek"]
[Black "Peterc, Ciril"]
[Result "1/2-1/2"]
[WhiteElo "2321"]
[BlackElo "2336"]
[PlyCount "36"]
[EventDate "2014.??.??"]
[EventType "tourn (corr)"]
[EventRounds "12"]
[EventCountry "GER"]
[SourceTitle "Corr 2017"]
[Source "ChessBase"]
[SourceDate "2017.09.19"]
[SourceVersion "1"]
[SourceVersionDate "2017.09.19"]
[SourceQuality "1"]

1. e4 c5 2. Nf3 d6 3. d4 cxd4 4. Nxd4 Nf6 5. Nc3 a6 6. f3 e5 7. Nb3 Be7 8. Be3 Be6 9. Qd2 0-0 10. 0-0-0 Nbd7 11. g4 b5 12. g5 Nh5 13. Nd5 Bxd5 14. exd5 f6 15. h4 fxg5 16. hxg5 Rxf3 17. Rxh5 Rxe3 18. Qxe3 g6 1/2-1/2